• 首页
  • 本馆介绍
  • 公告通知
  • 最新文献
  • 馆藏检索
  • 电子资源
  • 读者导购
  • 参考咨询
  • 我的图书馆
  • 登录
  • 详细信息显示
  • 放入我的书架
  • 预约/预借图书
  • 作者相关作品
  • 分类相关作品
  • 丛书相关作品
  • 出版社相关作品

书目信息

  • 表格格式
  • 工作单格式
  • 卡片格式
题名:
丑陋的日本人
    
 
作者: 高桥敷 著 ;熊达云 译
分册:  
出版信息: 北京   工人出版社  1987.12
页数: 267页
开本: 19cm
丛书名:
单 册:
中图分类: K313.03 , I26
科图分类:
主题词: 民族文化--研究--日本 , 散文--中国 , 散文--作品综合集--中国
电子资源:
ISBN: 7-5008-0047-9
000 00817nam0 2200265 450
001 1537892628
005 20150125103149.01
010    @a7-5008-0047-9@dCNY1.95
100    @a20130329d1987 m y0chiy0110 ea
101 1  @achi@cjpn
102    @aCN@b110000
105    @ay z 000yy
200 1  @a丑陋的日本人@9chou lou de ri ben ren@f(日)高桥敷著@g熊达云等译
210    @a北京@c工人出版社@d1987.12
215    @a267页@d19cm
330    @a本书通过对日本人和外国人对事物不同的看法和态度的比较,揭示了日本传统文化的弊端。
606 0  @a民族文化@x研究@y日本
606 0  @a散文@x中国
606 0  @a散文@x作品综合集@x中国
690    @aK313.03@v1980
690    @aI26@v4
701  0 @c(日)@a高桥敷@9gao qiao fu@f(1929~)@4著
702  0 @a熊达云@9xiong da yun@4译
801  0 @aCN@bTSSF@c20150125
905    @aZUCC@dI26@eJY19
    
    丑陋的日本人/(日)高桥敷著/熊达云等译.-北京:工人出版社,1987.12
    267页;19cm
    
    
    ISBN 7-5008-0047-9:CNY1.95
    本书通过对日本人和外国人对事物不同的看法和态度的比较,揭示了日本传统文化的弊端。
●
相关链接 在E读中查询图书 在五车中查询图书 在当当中查询图书 在豆瓣中查询图书


正题名:丑陋的日本人     索取号:I26/JY19         预约/预借

序号 登录号 条形码 馆藏地/架位号 状态 备注
1 7854946   278549466   学院路分馆/ [索取号:I26/JY19] 在馆    
唐山师范学院图书馆 欢迎您!
大连网信软件有限公司© 版权所有